| 000 | 00563nam a22001697a 4500 | ||
|---|---|---|---|
| 999 |
_c526580 _d526580 |
||
| 003 | NUST | ||
| 020 | _q(Hbk) | ||
| 038 | _aM. Shaban | ||
| 082 |
_a891.43101 _bHUS |
||
| 100 |
_aHussain, Zakir _917591 |
||
| 245 |
_aUrdu shairi ka dadar drwaza faiz ahmad faiz / _cDr. Zakir Hussain |
||
| 260 |
_aFaisalabad : _bGovt. College University |
||
| 300 | _a313 p. ; | ||
| 880 |
_6100-01\r _aڈاکٹر ذاکر حسین _bڈاکٹر طاہر تونسوی |
||
| 880 |
_6245-02\r _aاُردو شاعری کا صدر دروازہ فیض احمد فیض / |
||
| 942 |
_2ddc _cBK |
||